书目信息 |
| 题名: |
环境水力学
|
|
| 作者: | 王玉敏 , 高海鹰 , 朱光灿 编著 | |
| 分册: | ||
| 出版信息: | 南京 东南大学出版社 2017.02 |
|
| 页数: | 163页 | |
| 开本: | 26cm | |
| 丛书名: | ||
| 单 册: | ||
| 中图分类: | X52 | |
| 科图分类: | ||
| 主题词: | 环境水力学 | |
| 电子资源: | ||
| ISBN: | 978-7-5641-6818-6 | |
| 000 | 00917nam0 2200265 450 | |
| 001 | 1185 | |
| 005 | 20180927145756.17 | |
| 010 | @a978-7-5641-6818-6@dCNY39.00 | |
| 100 | @a20170328d2017 em y0chiy50 ea | |
| 101 | 0 | @achi |
| 102 | @aCN@b320000 | |
| 105 | @ay z 000yy | |
| 200 | 1 | @a环境水力学@9huan jing shui li xue@f王玉敏,高海鹰,朱光灿编著 |
| 210 | @a南京@c东南大学出版社@d2017.02 | |
| 215 | @a163页@d26cm | |
| 312 | @a封面英文题名:Environment hydraulics | |
| 330 | @a本书系统地阐述了环境水力学的基本概念及基本理论,全书共分为六章:绪论、分子扩散、紊动扩散、剪切流的离散、污染物质在河流中的扩散与混合、射流、羽流与浮射流。 | |
| 510 | 1 | @aEnvironment hydraulics@zeng |
| 606 | 0 | @a环境水力学 |
| 690 | @aX52@v5 | |
| 701 | 0 | @a王玉敏@9wang yu min@4编著 |
| 701 | 0 | @a高海鹰@9gao hai ying@4编著 |
| 701 | 0 | @a朱光灿@9zhu guang can@4编著 |
| 801 | 0 | @aCN@b91MARC@c20170328 |
| 905 | @aMuseLib@dX52@e175 | |
| 环境水力学/王玉敏,高海鹰,朱光灿编著.-南京:东南大学出版社,2017.02 |
| 163页;26cm |
| ISBN 978-7-5641-6818-6:CNY39.00 |
| 本书系统地阐述了环境水力学的基本概念及基本理论,全书共分为六章:绪论、分子扩散、紊动扩散、剪切流的离散、污染物质在河流中的扩散与混合、射流、羽流与浮射流。 |
| ● |
| 相关链接 |
|
|
|
|
正题名:环境水力学
索取号:X52/175
 
预约/预借
| 序号 | 登录号 | 条形码 | 馆藏地/架位号 | 状态 | 备注 |
| 1 | 1121579 | 211215790 | 第二样本阅览室/ [索取号:X52/175] | 在馆 | |
| 2 | 1121580 | 211215807 | 第三借阅区/ [索取号:X52/175] | 在馆 | |
| 3 | 1121581 | 211215816 | 第三借阅区/ [索取号:X52/175] | 在馆 | |
| 4 | 1121582 | 211215825 | 资源管理系资料室/ [索取号:X52/175] | 在馆 | |
| 5 | 1121583 | 211215834 | 第三借阅区/ [索取号:X52/175] | 在馆 |